La mythologie grecque - Statistiques

Statistiques générales
  • Ce quiz a été pris 4 586 fois
  • Le résultat moyen est 51 sur 129
Statistiques - réponses
Hint Réponse Indices % Correct
Zeus Roi des dieux, dieu du ciel et de la foudre
93%
Hadès Dieu des morts, roi des Enfers
89%
Poséidon Dieux des mers, des océans, des tempêtes et tremblements de terre
89%
Héra Déesse du mariage et reine des dieux
87%
Athéna Déesse de la sagesse, de la stratégie guerrière et l'artisanat
86%
Dieux de l'Olympe Aphrodite Déesse de la beauté et de l'amour
85%
Gaia Déesse de la Terre
85%
Arès Dieu de la guerre sanglante
84%
Hermès Messager des dieux
84%
Apollon Dieu de l'art, du soleil et des prophéties
82%
Artémis Déesse de la chasse
82%
Cronos Roi des titans, seigneur du temps
81%
Dionysos Dieu du vin
81%
Hephaistos Dieu du feu, de la forge et de la métallurgie
81%
Héros connus Achille Plus grand guerrier grec, mort à cause de son talon
80%
Ulysse Héros de L'Odyssée
79%
Méduse Femme aux cheveux de serpent
77%
Démeter Déesse de l'agriculture et des moissons
75%
Perséphone Reine des Enfers
74%
Cerbère Chien à trois têtes gardien des Enfers
73%
Héraclès Auteur des douze travaux
73%
Pégase Cheval ailé
73%
Jason Mène les argonautes vers la Toison d'or
72%
Eros Dieu de l'amour
71%
Oedipe Tue son père et se marie avec sa mère
70%
Narcisse Homme qui est mort noyé car il se trouvait trop beau
68%
Thésée Vainqueur du Minotaure
65%
Hestia Déesse du foyer
64%
Ouranos Dieu du ciel
64%
Styx
64%
Autres titans Atlas Titan contraint par Zeus de porter le ciel
63%
Tartare Abime sous les Enfers, lieu de punition pour les monstres
62%
Dédale Créateur du Labyrinthe
61%
Éole Dieu des vents
61%
Persée Tueur de Méduse
60%
Morphée Dieu des rêves
59%
Pan Dieu de la nature
59%
Pâris Prince de Troie, amant d'Hélène
58%
Nyx Déesse de la nuit
57%
Entité primordiale Chaos Puits sans fond, à l'origine de tout
56%
Orphée Grand musicien, amoureux d'Eurydice
56%
Charon Passeur des ames des morts vers les Enfers
55%
Circé Magicienne qui changea l'équipage d'Ulysse en cochons
55%
Thanatos Dieu de la mort
53%
Midas Homme qui transforme en or tout ce qu'il touche
52%
Calypso Nymphe vivant sur une ile
51%
Minos Roi de Crète
51%
Niké Déesse de la victoire
51%
Chiron Centaure maitre de nombreux héros
50%
Rhéa Titanide de la fertilité, mère des premiers dieux olympiens
50%
Hector Prince de Troie
48%
Hypnos Dieu du sommeil
48%
Autres Arachné Femme araignée
46%
Hécate Déesse de la magie
46%
Hélios Titan du soleil
45%
Asclépios Dieu de la médecine
43%
Scylla Monstre marin avec de nombreuses têtes et bras
42%
Les vents Borée Vent du Nord
41%
Charybde Monstre marin aspirant les bateaux
41%
Iris Déesse de l'arc-en-ciel
41%
Némésis Déesse de la vengeance
41%
Séléné Titanide de la Lune
41%
Polyphème Cyclope connu
39%
Prométhée Titan de la prévoyance
38%
Zéphyr Vent de l'Ouest
37%
Tantale Homme qui ne peut ni manger ni boire
36%
Médée Magicienne amoureuse de Jason
34%
Océanos Titan des mers, fleuves et océans
33%
Ajax Grand guerrier grec
29%
Typhon Plus grand monstre
29%
Japet Titan de l'ouest
27%
Érèbe Dieu des ténèbres
26%
Hébé Déesse de la jeunesse
26%
Janus Dieu des choix, des carrefours
26%
Bellérophon Tueur de la chimère
25%
Hypérion Titan de la lumière
25%
Thémis Titanide de l'ordre, de la loi et la justice
25%
Hygie Déesse de l'hygiène
24%
Pasiphaé Femme de Minos et mère du Minotaure
23%
Titanides Mnemosyne Titanide de la mémoire et du souvenir
22%
Léto Titanide de la maternité
21%
Autres géants Argos Géant à cent yeux
20%
Les Hécatonchires Briarée
20%
Phobos Esprit de la peur panique, de la déroute, de la fuite
19%
Chioné Déesse de la neige
18%
Crios Titan de l'astronomie
18%
Épiméthée Père des excuses
18%
Lethé
18%
Téthys Titanide de l'eau
18%
Éther Dieu de l'Air
17%
Héméra Déesse du jour
17%
Notos Vent du Sud
17%
Pontos Dieu des fleuves
17%
Euros Vent de l'Est
16%
Thalassa Esprit de la mer
16%
Théia Titanide de la vue
16%
Dieux primordiaux Ananké Déesse de l'inévitable, de la compulsion et de la nécessité
15%
Titans Coéos Titan de l'intellect et des constellations
15%
Ganymède Échanson des dieux
15%
Orion Géant créé pour s'opposer à Apollon et Artémis
15%
Ouréa Dieu des montagnes
15%
Phébé Titanide de l'intellect et des prophéties
14%
Les fleuves des Enfers Achéron
13%
Deimos Esprit de la peur, de la crainte, de la terreur
13%
Moros Dieu du destin, de la mort brutale
13%
Tyché Déesse de la chance, de la providence et du destin
13%
Clotho
12%
Géryon Homme à trois bustes
12%
Autres dieux Achlys Déesse de la tristesse et du malheur
11%
Cottos
11%
Lachésis
11%
Les Parques/Moires Atropos
10%
Céto Déesse des monstres marins
10%
Cocyte
10%
Encélade Géant créé pour s'opposer à Athéna
10%
Gygès
10%
Porphyrion Roi des géants, créé pour s'opposer à Zeus
10%
Hippolyte Géant créé pour s'opposer à Hermès
9%
Phlégéton
9%
Les géants Alcyonée Géant créé pour s'opposer à Hadès
8%
Nèsoi Déesse des iles
8%
Otos Géant créé pour s'opposer à Dionysos
8%
Polybotès Géant créé pour s'opposer à Poséidon
8%
Damasen Géant créé pour s'opposer à Arès
7%
Ephialtès Géant créé pour s'opposer à Dionysos
7%
Ménoetios Titan de la colère violente
7%
Mimas Géant créé pour s'opposer à Hephaistos
7%
Thoon Géant créé pour s'opposer aux Parques
7%
Clytios Géant créé pour s'opposer à Hécate
6%
Aucun quiz correspondant
Distribution des résultats
% des personnes avec chaque résultat
Percentile par nombre de réponses
Votre historique - résultats
Vous n’avez pas pris ce quiz